Jasper: ku tiphina ephakeni, maritofularha (Record no. 799392)

MARC details
000 -LEADER
fixed length control field 00493nam a22001817a 4500
003 - CONTROL NUMBER IDENTIFIER
control field 3228
005 - DATE AND TIME OF LATEST TRANSACTION
control field 20260602113934.0
008 - FIXED-LENGTH DATA ELEMENTS--GENERAL INFORMATION
fixed length control field 260602b sa ||||| |||| 00| 0 eng d
020 ## - INTERNATIONAL STANDARD BOOK NUMBER
International Standard Book Number <a href="9781868978854">9781868978854</a>
Qualifying information (hbk)
040 ## - CATALOGING SOURCE
Original cataloging agency RDA
Transcribing agency 3228
082 #0 - DEWEY DECIMAL CLASSIFICATION NUMBER
Classification number TSO KF WEBE
942 ## - ADDED ENTRY ELEMENTS
Creator ID 470
Creator Name Patience Mbowane
Modifier ID 470
Modifier Name Patience Mbowane
100 ## - MAIN ENTRY--PERSONAL NAME
Personal name Weber, Linda
245 ## - TITLE STATEMENT
Title Jasper: ku tiphina ephakeni, maritofularha
Statement of responsibility, etc. Meyer, Nico
260 ## - PUBLICATION, DISTRIBUTION, ETC.
Place of publication, distribution, etc. Pretoria
Name of publisher, distributor, etc. Clever Books
Date of publication, distribution, etc. 2006
300 ## - PHYSICAL DESCRIPTION
Extent 07 Pages
Other physical details Colour illustrations
Dimensions 15 cm
521 ## - TARGET AUDIENCE NOTE
Target audience note Adult
942 ## - ADDED ENTRY ELEMENTS
Source of classification or shelving scheme Dewey Decimal Classification
item type Book
Holdings
Withdrawn status Lost status Source of classification or shelving scheme Damaged status Not for loan Collection code Home library Current library Shelving location Date acquired Total Checkouts Full call number Barcode Date last seen Price effective from item type
    Dewey Decimal Classification     Nursery Mafemani Mafemani Children's Area 02.06.2026   TSO KF WEBE 3228200047099 02.06.2026 02.06.2026 Book